| 000 | 00855nam a2200229 a 4500 | ||
|---|---|---|---|
| 001 | 70914 | ||
| 003 | BD-RjUL | ||
| 005 | 20211209082043.0 | ||
| 008 | 170422s1990 bg |||| |||| 000 0 ben d | ||
| 020 | _c: Tk. 55.00 | ||
| 035 | _a(BD-RjUL)71128 | ||
| 040 |
_aBD-RjUL _bben _cBD-RjUL _dBD-RjUL |
||
| 041 | _aben | ||
| 082 |
_223 _a611.81 _bHYM 1990 |
||
| 100 | 1 |
_aহাই, হুমায়ূন কে. এম. এ. _9209865 |
|
| 245 | 1 | 0 |
_aমানবমস্তিষ্ক : _b[একটি সহজপাঠ্য ভূমিকা] / _cহুমায়ূন কে. এম. এ. হাই |
| 260 |
_aঢাকা : _bবাংলা একাডেমী, _c১৯৯০ [১৩৯৭] |
||
| 300 |
_a১৪০ পৃ. ; _c২৬ সেমি. |
||
| 650 |
_aমস্তিষ্ক _9209866 |
||
| 650 |
_aBrain _9209867 |
||
| 942 |
_2ddc _cBK |
||
| 999 |
_c70914 _d70914 |
||